000 00304nam a2200133Ia 4500
100 _aTrivedi/K.S
942 _cBK
654 _aProbability
245 _aProbability and statistics with reliability
260 _bprentice
_aNew Delhi
_c1994
082 _a519.2
_bTRI
300 _a169
546 _aENGLISH
999 _c23191
_d23191